| 000 | 00813cab a2200217 4500 | ||
|---|---|---|---|
| 001 | ABS42914 | ||
| 008 | 090401t1990 xxu||||| |||| 00| 0 eng d | ||
| 035 | _a(Sirsi) u39555 | ||
| 041 | _aeng | ||
| 100 | _aWoolcock, B. | ||
| 245 | _aLandlord and tenant: a trap for the unwary | ||
| 260 | _c1990 | ||
| 350 | _a0 | ||
| 490 |
_aEstates Gazette _v(9022) 2 June 1990, 86-88(2) |
||
| 520 | _aExamines the provisions under the Landlord and Tenant Act 1988 which impose a duty upon the landlord to respond within a reasonable time to an application by the tenant for assignment or underletting, and highlights the potential problem areas for landlords. | ||
| 650 | _aBUSINESS TENANCIES | ||
| 650 | _aCONSENT TO ASSIGN | ||
| 690 | _aLANDLORD AND TENANT-BUSINESS TENANCIES | ||
| 942 | _n0 | ||
| 948 | _c04/03/1997 | ||
| 999 |
_c25375 _d25375 |
||